Sự uy nghi của chính nghĩa

Gespeichert in:
Bibliographische Detailangaben
1. Verfasser: Tào, Dư Chương
Format: Buch
Sprache:Undetermined
Veröffentlicht: Thành phố Hồ Chí Minh Nhà xuất bản Tp. Hồ Chí Minh 2003
Schlagworte:
Tags: Tag hinzufügen
Keine Tags, Fügen Sie den ersten Tag hinzu!
Thư viện lưu trữ: Trung tâm Học liệu Trường Đại học Cần Thơ
LEADER 00609nam a2200193Ia 4500
001 CTU_92979
008 210402s9999 xx 000 0 und d
020 |c 14000 
082 |a 895.103 
082 |b Ch561 
100 |a Tào, Dư Chương 
245 0 |a Sự uy nghi của chính nghĩa 
245 0 |c Tào Dư Chương ; Lưu Kiệt (minh họa) 
260 |a Thành phố Hồ Chí Minh 
260 |b Nhà xuất bản Tp. Hồ Chí Minh 
260 |c 2003 
650 |a Chinese literature 
904 |i Mai Loan, QHieu 
980 |a Trung tâm Học liệu Trường Đại học Cần Thơ